000 00612nam a2200181Ia 4500
008 100917s9999 xx 000 0 und d
082 _b59867
100 _aतांदळे ज्ञानेश्वर
245 _aकाळजी मुक्त जीवन
260 _bसाक्षात्कार पब्लिकेशन्स
_c1982
300 _a88
365 _b10
520 _aबालविभाग
630 _aकाळजी मुक्त जीवन
650 _aबालविभाग
730 _aकाळजी मुक्त जीवन
942 _cBOOK
999 _c665261
_d665258